Teoria i praktyka regulacji gospodarczych
Enregistré dans:
| Autres auteurs: | , , |
|---|---|
| Format: | Livre |
| Langue: | polonais |
| Publié: |
Wroclaw
Oficyna Wydawnicza Politechniki Wroclawskiej
2009
|
| Sujets: | |
| Tags: |
Pas de tags, Soyez le premier à ajouter un tag!
|
MARC
| LEADER | 00000nam a2200000 4500 | ||
|---|---|---|---|
| 001 | 0151307 | ||
| 005 | 20230217113935.6 | ||
| 020 | |a 978-83-7493-433-6 | ||
| 041 | 0 | |a pol | |
| 044 | |a PL | ||
| 245 | 1 | 0 | |a Teoria i praktyka regulacji gospodarczych |c pod redakcja naukowa Zdzislawa Szalbierza i Jadwigi Rudek |
| 264 | 1 | |a Wroclaw |b Oficyna Wydawnicza Politechniki Wroclawskiej |c 2009 | |
| 300 | |a 221 s. | ||
| 610 | 2 | 0 | |a regulácia hospodárska |
| 610 | 2 | 0 | |a stratégia hospodárska |
| 610 | 2 | 0 | |a hospodárstvo národné |
| 610 | 2 | 0 | |a Európska únia |
| 700 | 1 | |a Szalbierz, Zdzislaw | |
| 700 | 1 | |a Rudek, Jadwiga | |
| 700 | 1 | |a Matysiak, Andrzej | |